A Székelyföld önkormányzata

Elmentve itt :
Bibliográfiai részletek
Dokumentumtípus: Kézirat
Kulcsszavak:Erdély története - 20. sz., Kisebbség - magyar - Románia, Autonómia, Békeelőkészítés
Tárgyszavak:
Online Access:http://misc.bibl.u-szeged.hu/68882
LEADER 00629ntm a2200169 i 4500
001 misc68882
005 20211013101754.0
008 211013suuuu hu o 0|| hun d
040 |a SZTE Miscellanea Repozitórium  |b hun 
041 |a hun 
245 0 2 |a A Székelyföld önkormányzata  |h [elektronikus dokumentum] 
300 |a 7  |c 31 cm 
650 4 |a Bölcsészettudományok 
650 4 |a Történettudomány és régészet 
650 4 |a Történettudomány 
695 |a Erdély története - 20. sz., Kisebbség - magyar - Románia, Autonómia, Békeelőkészítés 
856 4 0 |u http://misc.bibl.u-szeged.hu/68882/1/4355_017.pdf  |z Dokumentum-elérés